00470nam a2200181Ia 4500999001700000003000400017005001700021008004100038040000900079082001500088100002100103245003200124250001200156260006200168300000900230650001300239942003600252 c11523d11523OSt20200121151714.0190216s9999||||xx |||||||||||||| ||und|| coclc a339bJAM/M aJames, C P 9467 0aMacroeconomics /cC P James a2nd ed. bCalicut University Central Co-Operative,c2002.aCalicut: a316p aEcnomics cBK2ddch339iJAM/Mk339mJAM/M